000 01060cam a2200157 4500500
005 20260222004201.0
041 _afre
042 _adc
100 1 0 _aFabbe-Costes, Nathalie
_eauthor
245 0 0 _aLa gestion dynamique des supply chains des entreprises virtuelles
260 _c2005.
500 _a41
520 _aL’article porte sur les dispositifs interorganisationnels permettant aux entreprises virtuelles de développer une gestion dynamique de leurs supply chains. Après avoir défini les termes employés, l’auteur propose une représentation complexe et dynamique de la gestion des supply chains des entreprises virtuelles. Elle envisage ensuite les principales questions posées par ces nouveaux modes de gestion, avant d’identifier les conditions interorganisationnelles du fonctionnement des « chaînes logistiques étendues ».
786 0 _nRevue française de gestion | 156 | 3 | 2005-06-01 | p. 151-166 | 0338-4551
856 4 1 _uhttps://shs.cairn.info/revue-francaise-de-gestion-2005-3-page-151?lang=fr&redirect-ssocas=7080
999 _c1668127
_d1668126